شميم ا مر و ہو ی (Record no. 168706)

MARC details
000 -LEADER
fixed length control field 00668nam a22001937a 4500
005 - DATE AND TIME OF LATEST TRANSACTION
control field 20191021161449.0
010 ## - LCCN (DPL NO)
LC control number UR-10539
020 ## - INTERNATIONAL STANDARD BOOK NUMBER
Terms of availability 200.00
International Standard Book Number -
035 ## - SYSTEM CONTROL NUMBER
System control number U-9094
037 ## - SOURCE OF ACQUISITION
Source of stock number/acquisition DBAD/PUB
Stock number -
082 ## - DEWEY DECIMAL CLASSIFICATION NUMBER
Classification number 841.08
100 ## - MAIN ENTRY--PERSONAL NAME
Personal name مر تبہ :عظيم ا مر و ہو ی
245 ## - TITLE STATEMENT
Title شميم ا مر و ہو ی
Statement of responsibility, etc مر تبہ :عظيم ا مر و ہو ی
246 ## - VARYING FORM OF TITLE
Remainder of title Shamim Amrohvi (Urdu)
Title proper/short title Edited by Azeem Amrohvi
260 ## - PUBLICATION, DISTRIBUTION, ETC. (IMPRINT)
Place of publication, distribution, etc N.Delhi
Name of publisher, distributor, etc Alami Marsia Center,
Date of publication, distribution, etc 2012 ء
270 ## - ADDRESS
Address Moosa Appartment,6-AZakir Nagar,Jamia Ngr.
City N.Delhi
Postal code 110025
Telephone number 09250686517
Fax number -
300 ## - PHYSICAL DESCRIPTION
Extent 256 ص
Dimensions 22 Cm(Hb)
942 ## - ADDED ENTRY ELEMENTS (KOHA)
Source of classification or shelving scheme Dewey Decimal Classification
Item type Urdu Bks
Classification part 841.08
Call number suffix ع ظ ی
Holdings
Withdrawn status Lost status Not for loan Collection code Home library Current library Date acquired Source of acquisition Cost, normal purchase price Full call number Barcode Copy number Cost, replacement price Koha item type
    Not For Loan Non-fiction D.B.Act.Division D.B.Act.Division 21/10/2019 DBAD/PUB 200.00 841.08 ع ظ ی U-9094 1 200.00 Urdu Bks

© Delhi Public Library
Hit Counter
free hit counter